Atmosférická korózia povlakov na báze zinku

Salvato in:
Dettagli Bibliografici
Autore principale: Mikulášiová, Stanislava (Autore)
Altri autori: Zemanová, Matilda (Relatore della tesi)
Natura: Manoscritto Libro
Lingua:slovacco
Pubblicazione: 2022
Soggetti:
Accesso online:http://is.stuba.sk/zp/portal_zp.pl?podrobnosti=163547
Tags: Aggiungi Tag
Nessun Tag, puoi essere il primo ad aggiungerne!!

MARC

LEADER 00000ntm a22000003a 4500
001 stuzp88966
003 SK-STU
005 20220604210341.4
007 ta
008 150427s2015----xo-----f-mn---000-0-slo-d
040 |a STU  |b slo 
041 0 |a slo 
100 1 |a Mikulášiová, Stanislava  |u 042120  |4 aut  |U FCHPT Ústav anorganickej chémie, technológie a materiálov  |T FCHPT Oddelenie anorganickej technológie  |X 63747  |U C2120  |Y 111  |7 63747 
242 0 1 |a Atmospheric corrosion of zinc based coatings  |y eng 
245 1 0 |a Atmosférická korózia povlakov na báze zinku 
260 |c 2022 
650 4 |a zinkové povlaky  |2 slo 
650 4 |a korózna odolnosť  |2 slo 
650 4 |a QUV komora  |2 slo 
650 4 |a duplexný systém  |2 slo 
650 4 |a atmosférická korózia  |2 slo 
650 4 |a QUV chamber  |2 eng 
650 4 |a zinc coating  |2 eng 
650 4 |a duplex system  |2 eng 
650 4 |a atmospheric corrosion  |2 eng 
650 4 |a corrosion resistance  |2 eng 
700 1 |a Zemanová, Matilda  |u 042120  |k Z1  |4 ths  |U FCHPT Ústav anorganickej chémie, technológie a materiálov  |T FCHPT Oddelenie anorganickej technológie  |X 3885  |U C2120  |Y 111  |7 A000003885 
856 4 |u http://is.stuba.sk/zp/portal_zp.pl?podrobnosti=163547